000 00257nam a2200109Ia 4500
008 200302s9999 xx 000 0 und d
100 _aSelldorf Architects
245 _aPortfolio and Projects
260 _bPhaidon Press Ltd.
260 _c2016
300 _a255
999 _c6063
_d6063